Oeuvres complètes de La Fontaine (Record no. 156704)
[ view plain ]
| 000 -LEADER | |
|---|---|
| campo de control de longitud fija | 01194nam a2200241 i 4500 |
| 001 - NÚMERO DE CONTROL | |
| campo de control | 156704 |
| 003 - IDENTIFICADOR DE NÚMERO DE CONTROL | |
| campo de control | ES-MaACL |
| 005 - FECHA Y HORA DE LA ÚLTIMA TRANSACCIÓN | |
| campo de control | 20251015063140.0 |
| 008 - DATOS DE LONGITUD FIJA--INFORMACIÓN GENERAL | |
| campo de control de longitud fija | 040805m18571860fr |||| | fre d |
| 040 ## - FUENTE DE CATALOGACIÓN | |
| Centro catalogador/agencia de origen | CAM |
| Lengua de catalogación | spa |
| Centro/agencia transcriptor | CAM |
| 100 1# - ENTRADA PRINCIPAL--NOMBRE DE PERSONA | |
| Nombre de persona | La Fontaine, Jean de, |
| Fechas asociadas al nombre | 1621-1695 |
| 9 (RLIN) | 69147 |
| 245 10 - MENCIÓN DEL TÍTULO | |
| Título | Oeuvres complètes de La Fontaine |
| Resto del título | : publièes d'après les textes originaux / |
| Mención de responsabilidad, etc. | accompagnées de notes et suivies d'un lexique par Ch. Marty-Laveaux. |
| 260 ## - PUBLICACIÓN, DISTRIBUCIÓN, ETC. | |
| Lugar de publicación, distribución, etc. | Paris : |
| Nombre del editor, distribuidor, etc. | P. Jannet libraire, |
| Fecha de publicación, distribución, etc. | 1857-1860 ( |
| Fabricante | Guiraudet et Jouaust) |
| 300 ## - DESCRIPCIÓN FÍSICA | |
| Extensión | 5 v. ; |
| Dimensiones | 16 cm. |
| 490 1# - MENCIÓN DE SERIE | |
| Mención de serie | Bibliothèque elzevirienne |
| 505 8# - NOTA DE CONTENIDO CON FORMATO | |
| Nota de contenido con formato | Contiene: T.II (1857): Contes et nouvelles, Poëmes (463 p.) - T.III (1859): Psyqué, Le songe de vaux, Lettres (447 p.) - T.IV (1860): Théatre (501 p.) |
| 596 ## - NOTA AL PIE DE IMPRENTA | |
| NOTA AL PIE DE IMPRENTA | El ed. del t.II es P. Jannet y del t.III-IV es Pagnerre libraire. El imp. del t.II Paris, Guiraudet et Jouaust y de los t.III-IV Paris, Charles Jouaust. |
| 598 ## - NOTA LOCAL | |
| Nota local | Mención de serie tomada del lomo. |
| 700 1# - ENTRADA AGREGADA--NOMBRE PERSONAL | |
| Nombre de persona | Marty-Laveaux, Charles. |
| 9 (RLIN) | 129596 |
| 830 0# - PUNTO DE ACCESO ADICIONAL DE SERIE-TÍTULO UNIFORME | |
| Título uniforme | Bibliothèque elzevirienne |
| 9 (RLIN) | 180979 |
| 852 ## - LOCALIZACIÓN | |
| Ubicación | ES-MaACL |
| Número de control de estantería | G-2300-2302 |
| Nota libre | -- Enc. tela |
| condición física | -- Sólo t.II-IV |
| Estatus retirado | Estado de pérdida | Estado de daño | No para préstamo | Colección | Biblioteca de origen | Biblioteca actual | Ubicación en estantería | Fecha de adquisición | Fuente de adquisición | Total de préstamos | Signatura topográfica completa | Código de barras | Visto por última vez | Precio de reemplazo | Tipo de ítem Koha |
|---|---|---|---|---|---|---|---|---|---|---|---|---|---|---|---|
| Libros del s. XIX | Biblioteca del Ateneo de Madrid | Biblioteca del Ateneo de Madrid | Depósito 2 | 17/01/2008 | G-2300-2302 | 1163948 | 23/02/2023 | 23/02/2023 | Libro impreso antiguo |
